Statistiken für Hunt: Showdown Weapon Ammunision Rifles

Klicken Sie hier um das Quiz zu spielen!

Allgemein

  • Dieses Quiz wurde 31 mal gespielt
  • Das Durchschnittsergebnis liegt bei 213 aus 270

Antwortstatistiken

FrageKachelSelect% Korrekt
Lebel 1886DragonbreathNein
100%
Lebel 1886DumdumNein
100%
Lebel 1886FlechetteNein
100%
Lebel 1886Penny ShotNein
100%
Lebel 1886PoisonNein
100%
Lebel 1886ShredderNein
100%
Lebel 1886SlugNein
100%
Lebel 1886some kind of boltNein
100%
Lebel 1886StarshellNein
100%
Lebel 1886Steel BallNein
100%
Lebel 1886ExplosiveNein
97%
Caldwell Rival 78ExplosiveNein
97%
Lebel 1886High VelocityNein
97%
Caldwell Rival 78High VelocityNein
97%
Caldwell Rival 78PoisonNein
97%
Caldwell Rival 78some kind of boltNein
97%
Caldwell Rival 78SpitzerNein
97%
Crown & King Auto-5DumdumNein
93%
Crown & King Auto-5ExplosiveNein
93%
Crown & King Auto-5FMJNein
93%
Caldwell Rival 78FMJNein
93%
Crown & King Auto-5High VelocityNein
93%
Caldwell Rival 78IncendiaryNein
93%
Crown & King Auto-5IncendiaryNein
93%
Crown & King Auto-5PoisonNein
93%
Crown & King Auto-5ShredderNein
93%
Caldwell Rival 78ShredderNein
93%
Caldwell Rival 78SlugJa
93%
Crown & King Auto-5SlugJa
93%
Crown & King Auto-5some kind of boltNein
93%
Crown & King Auto-5SpitzerNein
93%
Crown & King Auto-5StarshellNein
93%
Caldwell Rival 78Steel BallNein
93%
Crown & King Auto-5Steel BallNein
93%
Martini-Henry IC1DragonbreathNein
90%
Caldwell Rival 78DumdumNein
90%
Martini-Henry IC1FlechetteNein
90%
Martini-Henry IC1High VelocityNein
90%
Martini-Henry IC1Penny ShotNein
90%
Martini-Henry IC1PoisonNein
90%
Martini-Henry IC1ShredderNein
90%
Martini-Henry IC1SlugNein
90%
Martini-Henry IC1some kind of boltNein
90%
Lebel 1886SpitzerJa
90%
Martini-Henry IC1StarshellNein
90%
Caldwell Rival 78StarshellNein
90%
Martini-Henry IC1Steel BallNein
90%
Mosin-Nagant M1891DragonbreathNein
87%
Martini-Henry IC1DumdumNein
87%
Mosin-Nagant M1891ExplosiveNein
87%
Caldwell Rival 78FlechetteJa
87%
Mosin-Nagant M1891FlechetteNein
87%
Lebel 1886FMJNein
87%
Lebel 1886IncendiaryJa
87%
Mosin-Nagant M1891Penny ShotNein
87%
Mosin-Nagant M1891ShredderNein
87%
Mosin-Nagant M1891SlugNein
87%
Mosin-Nagant M1891some kind of boltNein
87%
Mosin-Nagant M1891StarshellNein
87%
Mosin-Nagant M1891Steel BallNein
87%
Nitro Express RifleDragonbreathNein
83%
Sparks LRRDragonbreathNein
83%
Nagant M1895 Officer CarbineDragonbreathNein
83%
Caldwell Rival 78DragonbreathNein
83%
Romero 77DumdumNein
83%
Mosin-Nagant M1891DumdumNein
83%
Nagant M1895 Officer CarbineExplosiveNein
83%
Romero 77ExplosiveNein
83%
LeMat Mark II CarbineExplosiveNein
83%
Martini-Henry IC1ExplosiveJa
83%
Nagant M1895 Officer CarbineFlechetteNein
83%
Sparks LRRFlechetteNein
83%
Nitro Express RifleFlechetteNein
83%
Mosin-Nagant M1891FMJNein
83%
Romero 77FMJNein
83%
Sparks LRRHigh VelocityNein
83%
Romero 77High VelocityNein
83%
Nitro Express RifleHigh VelocityNein
83%
Nitro Express RifleIncendiaryNein
83%
Sparks LRRPenny ShotNein
83%
Nagant M1895 Officer CarbinePenny ShotNein
83%
Nitro Express RiflePenny ShotNein
83%
Romero 77PoisonNein
83%
Nitro Express RiflePoisonNein
83%
Sparks LRRShredderNein
83%
Nagant M1895 Officer CarbineShredderNein
83%
LeMat Mark II CarbineShredderNein
83%
Romero 77ShredderNein
83%
Nagant M1895 Officer CarbineSlugNein
83%
Sparks LRRSlugNein
83%
Nitro Express RifleSlugNein
83%
Romero 77SlugJa
83%
Nagant M1895 Officer Carbinesome kind of boltNein
83%
Nitro Express Riflesome kind of boltNein
83%
Romero 77some kind of boltNein
83%
Sparks LRRsome kind of boltNein
83%
LeMat Mark II Carbinesome kind of boltNein
83%
Nitro Express RifleSpitzerNein
83%
Romero 77SpitzerNein
83%
LeMat Mark II CarbineSpitzerNein
83%
Nagant M1895 Officer CarbineSpitzerNein
83%
Nagant M1895 Officer CarbineStarshellNein
83%
Nitro Express RifleStarshellNein
83%
Sparks LRRStarshellNein
83%
LeMat Mark II CarbineSteel BallNein
83%
Nitro Express RifleSteel BallNein
83%
Nagant M1895 Officer CarbineSteel BallNein
83%
Sparks LRRSteel BallNein
83%
Romero 77Steel BallNein
83%
Romero 77DragonbreathJa
80%
Springfield 1892 KragDragonbreathNein
80%
Springfield 1866DragonbreathNein
80%
Crown & King Auto-5DragonbreathNein
80%
Sparks LRRDumdumNein
80%
Specter 1882DumdumNein
80%
Specter 1882ExplosiveNein
80%
Springfield 1892 KragFlechetteNein
80%
Crown & King Auto-5FlechetteNein
80%
Springfield 1866FlechetteNein
80%
Nitro Express RifleFMJNein
80%
Specter 1882FMJNein
80%
Specter 1882High VelocityNein
80%
Martini-Henry IC1IncendiaryJa
80%
Specter 1882IncendiaryNein
80%
Romero 77IncendiaryNein
80%
Romero 77Penny ShotJa
80%
Springfield 1892 KragPenny ShotNein
80%
Springfield 1866Penny ShotNein
80%
Specter 1882PoisonNein
80%
LeMat Mark II CarbinePoisonNein
80%
Nagant M1895 Officer CarbinePoisonJa
80%
Springfield 1892 KragShredderNein
80%
Springfield 1866ShredderNein
80%
Specter 1882ShredderNein
80%
Springfield 1866SlugNein
80%
Springfield 1892 KragSlugNein
80%
Specter 1882some kind of boltNein
80%
Springfield 1866some kind of boltNein
80%
Springfield 1892 Kragsome kind of boltNein
80%
Martini-Henry IC1SpitzerNein
80%
Specter 1882SpitzerNein
80%
Springfield 1866SpitzerNein
80%
Springfield 1866StarshellNein
80%
Springfield 1892 KragStarshellNein
80%
Springfield 1892 KragSteel BallNein
80%
Specter 1882Steel BallNein
80%
Springfield 1866Steel BallNein
80%
Winfield M1876 CentennialDragonbreathNein
77%
Springfield 1866DumdumJa
77%
Springfield 1892 KragDumdumNein
77%
Winfield M1876 CentennialExplosiveNein
77%
Sparks LRRExplosiveNein
77%
LeMat Mark II CarbineFlechetteNein
77%
Winfield M1876 CentennialFlechetteNein
77%
LeMat Mark II CarbineFMJJa
77%
LeMat Mark II CarbineHigh VelocityNein
77%
Springfield 1892 KragHigh VelocityNein
77%
Nagant M1895 Officer CarbineHigh VelocityJa
77%
Nagant M1895 Officer CarbineIncendiaryNein
77%
LeMat Mark II CarbinePenny ShotNein
77%
Winfield M1876 CentennialPenny ShotNein
77%
Mosin-Nagant M1891PoisonNein
77%
Springfield 1892 KragPoisonNein
77%
Winfield M1876 CentennialShredderNein
77%
Winfield M1876 CentennialSlugNein
77%
Specter 1882SlugJa
77%
Winfield M1876 Centennialsome kind of boltNein
77%
Winfield M1876 CentennialSpitzerNein
77%
Mosin-Nagant M1891SpitzerJa
77%
Sparks LRRSpitzerNein
77%
Specter 1882StarshellNein
77%
Winfield M1876 CentennialStarshellNein
77%
Winfield M1876 CentennialSteel BallNein
77%
Vetterli 71 KarabinerDragonbreathNein
73%
Winfield M1873DragonbreathNein
73%
Winfield M1873CDragonbreathNein
73%
Winfield 1887 TerminusDumdumNein
73%
Nitro Express RifleDumdumNein
73%
Winfield M1873CExplosiveNein
73%
Winfield 1887 TerminusExplosiveNein
73%
Winfield M1873ExplosiveNein
73%
Specter 1882FlechetteJa
73%
Vetterli 71 KarabinerFlechetteNein
73%
Winfield M1873CFlechetteNein
73%
Romero 77FlechetteNein
73%
Winfield M1873FlechetteNein
73%
Winfield 1887 TerminusFMJNein
73%
Winfield M1876 CentennialFMJJa
73%
Mosin-Nagant M1891High VelocityNein
73%
Winfield 1887 TerminusHigh VelocityNein
73%
Vetterli 71 KarabinerIncendiaryJa
73%
Sparks LRRIncendiaryJa
73%
Winfield 1887 TerminusIncendiaryNein
73%
Springfield 1892 KragIncendiaryJa
73%
Winfield M1873Penny ShotNein
73%
Winfield M1873CPenny ShotNein
73%
Vetterli 71 KarabinerPenny ShotNein
73%
Winfield 1887 TerminusPenny ShotJa
73%
Winfield 1887 TerminusPoisonNein
73%
Winfield M1876 CentennialPoisonJa
73%
Sparks LRRPoisonJa
73%
Winfield 1887 TerminusShredderNein
73%
Winfield M1873ShredderNein
73%
Nitro Express RifleShredderJa
73%
Vetterli 71 KarabinerShredderNein
73%
Winfield M1873CShredderNein
73%
Winfield M1873SlugNein
73%
Vetterli 71 KarabinerSlugNein
73%
Winfield M1873CSlugNein
73%
Winfield M1873Csome kind of boltNein
73%
Winfield 1887 Terminussome kind of boltNein
73%
Vetterli 71 Karabinersome kind of boltNein
73%
Winfield M1873some kind of boltNein
73%
Winfield 1887 TerminusSpitzerNein
73%
Vetterli 71 KarabinerSpitzerNein
73%
Winfield M1873CSpitzerNein
73%
Winfield M1873SpitzerNein
73%
Winfield M1873StarshellNein
73%
Vetterli 71 KarabinerStarshellNein
73%
Winfield M1873CStarshellNein
73%
Romero 77StarshellJa
73%
Vetterli 71 KarabinerSteel BallNein
73%
Winfield M1873Steel BallNein
73%
Winfield 1887 TerminusSteel BallNein
73%
Winfield M1873CSteel BallNein
73%
Specter 1882DragonbreathJa
70%
Nitro Express RifleExplosiveJa
70%
Springfield 1892 KragExplosiveNein
70%
Vetterli 71 KarabinerExplosiveNein
70%
Vetterli 71 KarabinerFMJJa
70%
Sparks LRRFMJJa
70%
Winfield M1873CIncendiaryJa
70%
Winfield M1873IncendiaryJa
70%
Mosin-Nagant M1891IncendiaryJa
70%
Springfield 1866IncendiaryNein
70%
Crown & King Auto-5Penny ShotJa
70%
Winfield M1873DumdumNein
67%
Nagant M1895 Officer CarbineFMJNein
67%
Winfield M1873FMJJa
67%
Springfield 1866FMJNein
67%
Winfield M1873High VelocityJa
67%
Winfield M1876 CentennialIncendiaryNein
67%
Winfield M1873CPoisonNein
67%
Winfield M1873PoisonNein
67%
Vetterli 71 KarabinerPoisonNein
67%
Winfield 1887 TerminusSlugJa
67%
Winfield 1887 TerminusStarshellNein
67%
Winfield 1887 TerminusDragonbreathJa
63%
Winfield M1873CDumdumNein
63%
Nagant M1895 Officer CarbineDumdumNein
63%
Vetterli 71 KarabinerDumdumNein
63%
Martini-Henry IC1FMJJa
63%
Vetterli 71 KarabinerHigh VelocityJa
63%
Winfield M1873CHigh VelocityJa
63%
Winfield M1876 CentennialHigh VelocityNein
63%
LeMat Mark II CarbineIncendiaryJa
63%
Caldwell Rival 78Penny ShotJa
63%
LeMat Mark II CarbineDumdumNein
60%
Winfield M1873CFMJJa
60%
LeMat Mark II CarbineSlugJa
60%
LeMat Mark II CarbineDragonbreathJa
57%
Winfield M1876 CentennialDumdumNein
57%
Winfield 1887 TerminusFlechetteJa
57%
Springfield 1892 KragFMJJa
57%
Springfield 1892 KragSpitzerNein
57%
Springfield 1866High VelocityNein
53%
Specter 1882Penny ShotJa
50%
Springfield 1866ExplosiveJa
47%
LeMat Mark II CarbineStarshellJa
47%
Springfield 1866PoisonJa
43%

Verteilung der Resultate

Perzentil nach korrekt beantworteten Fragen

Anzahl Personen mit jedem Resultat

Ihre Resultats-Entwicklung

Sie haben dieses Quiz noch nicht gespielt